All SOPHIE Songs (September 2024) - Statistics

General Stats
  • This quiz has been taken 36 times
  • The average score is 35 of 92
Answer Stats
Hint Answer % Correct
2018 It's Okay To Cry
89%
Lemonade
89%
Faceshopping
86%
Faceshopping - Euphoric Reduce Me To Nothingness Remix
86%
Faceshopping - Lipstick Gel Remix
86%
Faceshopping - Money Mix (feat. Bibi Bourelly)
86%
L.O.V.E.
86%
2017 Ponyboy
86%
Ponyboy - Fast Boy Remix
86%
Infatuation
79%
Infatuation - Lichtbogen Dreamin' Remix
79%
Infatuation (Midnight Zone)
79%
Infatuation (Sunlight Zone)
79%
Infatuation (The Abyss)
79%
Infatuation (The Trenches)
79%
Infatuation (Twilight Zone)
79%
2015 Bipp
75%
Immaterial
75%
Whole New World/Pretend World
75%
Hard
71%
Is It Cold In The Water?
71%
Is It Cold In The Water? (Flume & Eprom Remix)
71%
2021 Unisil
71%
2013 Nothing More to Say - Dub
68%
Nothing More to Say - Vox
68%
Not Okay
68%
Not Okay - Alone Mix
68%
Not Okay - Machine World Remix
68%
Pretending
68%
Pretending
68%
Whole New World - Big Kiss Remix
68%
Whole New World - Sophie and Doss Remix (feat. Doss)
68%
Just Like We Never Said Goodbye
64%
Msmsmsm
64%
Vyzee
64%
2014 Elle
61%
Reason Why (feat. Kim Petras & BC Kingdom)
61%
2020 Forever (with FLETCHER)
46%
Eeehhh
43%
My Forever (feat. Cecile Believe)
43%
XTC Acid
43%
Berlin Nightmare (feat. Evita Manji)
39%
2024 Intro (The Full Horror)
39%
Gallop (feat. Evita Manji)
32%
Rawwwwww (feat. Jozzy)
32%
Cold Water
25%
Exhilarate (feat. Bibi Bourelly)
25%
Get Higher (Japanese Version)
25%
2022 La Chíqui (with Arca)
25%
Plunging Asymptote (feat. Juliana Huxtable)
25%
Always and Forever (feat. Hannah Diamond)
21%
One More Time (feat. Popstar)
21%
The Dome's Protection (feat. Nina Kraviz)
21%
Do You Wanna Be Alive? (feat. BIG SISTER)
18%
Laser
18%
2019 Cold World
14%
Elegance (feat. Popstar)
14%
Live In My Truth (feat. BC Kingdom & LIZ)
14%
Love Me Off Earth (feat. Doss)
14%
METAL (with JIMMY EDGAR)
14%
Sweat (with SONIKKU & LIZ)
14%
Why Lies (feat. BC Kingdom & LIZ)
14%
1,2,3 dayz up (with Kim Petras)
11%
clown shit (up the wall) (with BABYNYMPH & BAYLI)
11%
Push Emission (Whore Moans)
11%
Pretend World (Shop Front)
7%
9 (After Coachella) (with Cashmere Cat & MØ)
4%
Dive (SDF)
4%
Drop Down (with Lunice & Kalifa)
4%
GIRL (with Basside)
4%
Pony Whip (feat. BC Kingdom)
4%
Pretending I Give In (Let Go)
4%
Voices (with Flume & KUČKA)
4%
2012 Abstinência
0%
Animosity (with Abyss X)
0%
CRAZY EXPENSIVE (with Basside)
0%
Dime (with Coreano)
0%
Eazy Come Eazy Go (with Nate Trillo)
0%
Fly (with Hans Roy)
0%
FUCK IT UP (with Basside)
0%
Highlife (with Auntie Flo)
0%
Hope (with Norskye & KTK Steeve)
0%
i wish i was your peer (with Michael Stockton)
0%
Journey (with Zran)
0%
Leviathan (with CDN RYBA & DJ Jaxon)
0%
ME & MY BOO (BEST FRIEND 2) (with Basside)
0%
NYC2MIA (with Basside)
0%
2021 Oohh Wee (with Quisy Wita Y & B. Hop)
0%
Positive Energie (with Realiteez, Fable & Electress)
0%
Przytul na zawsze (with CDN RYBA)
0%
SWIPE (with Basside)
0%
Znaczyć wszystko (with CDN RYBA)
0%
No matching quizzes found
Score Distribution
Percent of People with Each Score
Percentile by Number Answered
Your Score History
You have not taken this quiz